000 00947nam a2200253 a 4500
001 BRCA_5095
005 20190320204933.0
008 121110c1943----nyu#######---#000-0#eng-#
041 _aeng
044 _anyu
050 4 _aHD5724
_b.M63 1943
245 1 0 _aMobilization of manpower and pressing the figth for freedom
_ba series of addresses and papers presented at the semi-annual meeting of the Academy of Political Science, April 7, 1943
_cedited by John A. Krout.
260 _aNueva York
_bThe Academy of Political Science : Columbia University
_c1943
300 _a96 p.
_c21 cm.
440 0 _aProceedings of the Academy of Political Science
_vv.20, no.3, mayo 1943
_912989
500 _aDD48
650 1 4 _aMercado
_xOferta
_912990
650 1 4 _aEmpleo
_912991
650 1 4 _aGuerra Mundial, 1939-1945
_99266
650 1 4 _aMujeres en Estados Unidos
_912992
700 1 _aKrout, John Allen
_eEditor
_912993
902 _aGFM
942 _2lcc
_cB
999 _c4789
_d4789